000 00260nam a2200109Ia 4500
008 240625s9999 xx 000 0 und d
041 _aeng
082 _a658.5 RAT
100 _aRATURI AMITABH S
245 _aPRINCIPLES OF OPERATIONS MANAGEMENT
260 _c2005
999 _c34350
_d34350